1295 1446 1429 1197 1717 1686 1631 1740 1501 1851 1109 1229 1843 1239 1511 1821 1220 1713 1202 1307 1712 1364 1778 1564 1702 1231 1758 1743 1460 1119 1853 1777 1207 1723 1401 1328 1023 1454 1795 1081 1433 1309 1774 1792 1033 1205 1852 1960 1472 1468 1713 1986 1489 1538 1457 1782 1932 1082 1142 1941 1786 1062 1128 1698 1705 1473 1963 1153 1898 1736 1310 1246 1608 1949 1203 1928 1034 1627 1012 1763 1490 1134 1695 1905 1979 1948 1157 1532 1522 1516 1369 1715 1432 1566 1666 1161 1565 1610 1583 BCNSPRNW ULIB Ver.6.0+V

เปลี่ยนเป็นภาษาไทย

Change to English
 แสดงรายละเอียดบรรณานุกรม
  กลับหน้าหลัก

Brief Record : Get Marc (ISO 2709) : E-mail record : QR code < ปิดหน้าต่าง
LEADER : 00000nam a2200000Ia 4500
001    13399125490
003     ULIB
008    170228s2559 th a b 000 0 tha d
020    ^a9786162798627
040    ^absi
060 04 ^aQZ210^bห321
245 00 ^aหลักการของอณูพันธุศาสตร์และพันธุศาสตร์ของมะเร็ง /^cบรรณาธิการ, มานพพิทักษ์ภากร, ศิวนนท์ จิรวัฒโนทัย, ภูมิ สุขธิติพัฒน์
250    ^aพิมพ์ครั้งที่ 1
260    ^aกรุงเทพฯ :^bสำนักพิมพ์ศิริราช งานวิชาการ สำนักงานคณบดีคณะแพทยศาสตร์ศิริราชพยาบาล มหาวิทยาลัยมหิดล,^c2559
300    ^axiii, 285 หน้า :^bภาพประกอบสี ;^c26 ซม.
650  4 ^aอณูพันธุศาสตร์
650  4 ^aมะเร็ง
653    ^aผลงานอาจารย์คณะแพทยศาสตร์ศิริราชพยาบาล
700 0  ^aมานพ พิทักษ์ภากร,^eบรรณาธิการ
700 0  ^aศิวนนท์ จิรวัฒโนทัย,^eบรรณาธิการ
700 0  ^aภูมิ สุขธิติพัฒน์,^eบรรณาธิการ
710 2  ^aมหาวิทยาลัยมหิดล.^bคณะแพทยศาสตร์ศิริราชพยาบาล
945    ^p800^l0^i25178
995    ^aกัณชพร
999    ^aกัณชพร
รายการนี้ยังไม่มีแท็ก
คุณยังไม่ได้ล็อกอิน คุณสามารถมีกิจกรรมร่วมกับเว็บไซต์ได้ แต่ต้องล็อกอินก่อน ::
  ล็อกอิน

รายการสื่อสารสนเทศ

ลำดับที่ ประเภท เลขเรียก/บาร์โค้ด สถานที่ สถานะ
1. หนังสือสำรอง
หนังสือสำรอง
สถานะ=หนังสือเก่า
QZ210 ห321 ฉ.1 
  Barcode: 25178
ห้องสมุดวิทยาเขตนครสวรรค์
►ส่วนจัดเก็บหนังสือเก่า นว.
บนชั้น
  ขอยืม

รายการใกล้เคียง
    หัวเรื่อง [อณูพันธุศาสตร์]
    หัวเรื่อง [มะเร็ง]

BibComment


ยังไม่เคยถูกคอมเมนท์

คอมเมนท์ทรัพยากรรายการนี้
  คอมเมนท์: หลักการของอณูพัน..


 Copyright 2026. Bcnsprnw @Library